[Event "GRE-ch U16"]
[Site "Achaia"]
[Date "2017.07.02"]
[Round "9"]
[White "Posonidis, Theodoros"]
[Black "Aggelopoulos, Konstantinos"]
[Result "1/2-1/2"]
[WhiteElo "1147"]
[BlackElo "1161"]
[PlyCount "119"]
[EventDate "2017.06.26"]
[EventType "swiss"]
[EventRounds "9"]
[EventCountry "GRE"]
[SourceTitle "CBM 179 Extra"]
[Source "ChessBase"]
[SourceDate "2017.08.23"]
[SourceVersion "1"]
[SourceVersionDate "2017.08.23"]
[SourceQuality "1"]

1. d4 d5 2. Nf3 e6 3. Bf4 Nf6 4. e3 c5 5. c3 Nc6 6. Bd3 Be7 7. h3 a6 8. Nbd2 b5 9. 0-0 c4 10. Bc2 Nh5 11. Bh2 Bd6 12. Ne5 Bxe5 13. dxe5 g6 14. Nf3 Bb7 15. Nd4 Ng7 16. Qg4 Qb6 17. Qg5 Qd8 18. Qf4 Nf5 19. g4 Nfxd4 20. exd4 g5 21. Qe3 Kd7 22. f4 Qe7 23. f5 Raf8 24. Rf3 h6 25. Raf1 Nd8 26. Qf2 Rfg8 27. Qd2 Bc6 28. Ra1 h5 29. a4 hxg4 30. hxg4 Rh4 31. Rg3 Rgh8 32. Rg2 Rg8 33. axb5 Bxb5 34. Ba4 Nc6 35. Bc2 Nd8 36. Kf1 Qf8 37. Ke2 Qh6 38. Bg1 Rh8 39. Be3 Rh2 40. Rag1 Qh3 41. Rxh2 Qxh2+ 42. Kd1 Qxd2+ 43. Bxd2 Rg8 44. f6 Nc6 45. Rh1 Na5 46. Rh7 Ke8 47. Rg7 Kf8 48. Rxg8+ Kxg8 49. Bxg5 Nb3 50. Bh6 Na1 51. Bb1 a5 52. g5 Ba4+ 53. Ke2 Bc2 54. Bxc2 Nxc2 55. Kf3 Kh7 56. Bf8 a4 57. Bb4 Na1 58. Bf8 Nb3 59. Ke2 Kg6 60. Bh6 1/2-1/2

[Event "GRE-ch U16"]
[Site "Achaia"]
[Date "2017.06.29"]
[Round "5"]
[White "Apostolopoulos, Georgios"]
[Black "Aggelopoulos, Konstantinos"]
[Result "1-0"]
[WhiteElo "1197"]
[BlackElo "1161"]
[PlyCount "95"]
[EventDate "2017.06.26"]
[EventType "swiss"]
[EventRounds "9"]
[EventCountry "GRE"]
[SourceTitle "CBM 179 Extra"]
[Source "ChessBase"]
[SourceDate "2017.08.23"]
[SourceVersion "1"]
[SourceVersionDate "2017.08.23"]
[SourceQuality "1"]

1. d4 Nf6 2. c4 g6 3. Nf3 Bg7 4. Nc3 0-0 5. Bg5 d6 6. e4 Bg4 7. Be2 Nc6 8. h3 Bxf3 9. Bxf3 Nd7 10. d5 Nce5 11. Be2 Nb6 12. Qb3 Ned7 13. Be3 Re8 14. Bxb6 cxb6 15. 0-0 Rc8 16. Rac1 Rc7 17. Nb5 Nc5 18. Qc2 Rc8 19. b4 a6 20. bxc5 axb5 21. cxd6 Qxd6 22. Qb3 bxc4 23. Rxc4 Rxc4 24. Bxc4 Ra8 25. Rb1 Bd4 26. Qd3 Qc5 27. Qd2 Qxc4 28. Rb4 Bc3 29. Rxc4 Bxd2 30. Rc7 Bb4 31. Rxb7 Rxa2 32. Rxb6 Bc5 33. Rb7 Rxf2 34. Rc7 Rf6+ 35. Rxc5 Rf4 36. Rc4 f5 37. g3 Rxe4 38. Rxe4 fxe4 39. Kf2 Kf7 40. Ke3 Kf6 41. Kxe4 h6 42. h4 e5 43. g4 h5 44. g5+ Kf7 45. Kxe5 Ke7 46. d6+ Kf7 47. Kd5 Kf8 48. Kc6 1-0

[Event "GRE-ch U16"]
[Site "Achaia"]
[Date "2017.06.26"]
[Round "1"]
[White "Stamatis, Ioannis"]
[Black "Aggelopoulos, Konstantinos"]
[Result "1-0"]
[WhiteElo "1805"]
[BlackElo "1161"]
[PlyCount "69"]
[EventDate "2017.06.26"]
[EventType "swiss"]
[EventRounds "9"]
[EventCountry "GRE"]
[SourceTitle "CBM 179 Extra"]
[Source "ChessBase"]
[SourceDate "2017.08.23"]
[SourceVersion "1"]
[SourceVersionDate "2017.08.23"]
[SourceQuality "1"]

1. e4 c5 2. Nf3 Nc6 3. Bb5 d6 4. c3 Nf6 5. d3 Bd7 6. Nbd2 e6 7. 0-0 Be7 8. Re1 Qb6 9. Ba4 0-0 10. Nf1 Rad8 11. Ng3 Ng4 12. h3 Nge5 13. Nxe5 Nxe5 14. Bc2 Bh4 15. Nf1 Bb5 16. g3 Be7 17. a4 Qa6 18. d4 Ng6 19. Be3 Bc6 20. h4 b6 21. h5 Nh8 22. Qg4 g6 23. Bh6 Rfe8 24. Ne3 Qb7 25. Rad1 Bf8 26. Bg5 Be7 27. Bh6 Bf8 28. Bxf8 Rxf8 29. Qh4 f5 30. exf5 exf5 31. Nxf5 gxf5 32. Re7 Qxe7 33. Qxe7 Rd7 34. Qe6+ Nf7 35. d5 1-0

[Event "GRE-ch U14"]
[Site "Porto Rio"]
[Date "2016.06.30"]
[Round "4"]
[White "Aggelopoulos, Konstantinos"]
[Black "Trigkas, Athanasios"]
[Result "1-0"]
[WhiteElo "1173"]
[BlackElo "1067"]
[PlyCount "47"]
[EventDate "2016.06.28"]
[EventType "swiss"]
[EventRounds "9"]
[EventCountry "GRE"]
[SourceTitle "CBM 173 Extra"]
[Source "ChessBase"]
[SourceDate "2016.08.29"]
[SourceVersion "1"]
[SourceVersionDate "2016.08.29"]
[SourceQuality "1"]

1. e4 c5 2. Nf3 e6 3. d4 cxd4 4. Nxd4 Nc6 5. Nb3 Nf6 6. f3 Be7 7. Nc3 0-0 8. Be3 d5 9. exd5 exd5 10. Qd2 Be6 11. 0-0-0 Qd7 12. h4 a5 13. g4 Qc7 14. Bd3 Rfd8 15. Bf5 a4 16. Nd4 Nxd4 17. Bxd4 Bd6 18. Kb1 Bc5 19. Bxf6 gxf6 20. Qh6 Bxf5 21. gxf5 Qe5 22. Rhg1+ Bxg1 23. Rxg1+ Kh8 24. Qg7# 1-0

[Event "GRE-ch U14"]
[Site "Rio Achaia"]
[Date "2015.06.30"]
[Round "7.19"]
[White "Aggelopoulos, Konstantinos"]
[Black "Posonidis, Theodoros"]
[Result "1-0"]
[WhiteElo "1107"]
[BlackElo "1147"]
[PlyCount "105"]
[EventDate "2015.06.26"]
[EventType "swiss"]
[EventRounds "9"]
[EventCountry "GRE"]
[SourceTitle "EXT 2024"]
[Source "ChessBase"]
[SourceDate "2023.10.10"]
[SourceVersion "1"]
[SourceVersionDate "2023.10.10"]
[SourceQuality "1"]

1. e4 c5 2. Nf3 d6 3. d4 cxd4 4. Nxd4 Nf6 5. Nc3 g6 6. Bg5 Bg7 7. Qd2 Nc6 8. Bb5 Bd7 9. Nxc6 bxc6 10. Ba4 0-0 11. Bh6 Qa5 12. Bxg7 Kxg7 13. Bb3 Rac8 14. f3 c5 15. Bc4 Rb8 16. b3 Qb4 17. Nd5 Qxd2+ 18. Kxd2 Nxd5 19. Bxd5 Rbc8 20. h4 h5 21. Raf1 Bb5 22. Bc4 Bxc4 23. bxc4 Rb8 24. Rb1 Rb6 25. Rb5 Rfb8 26. Rhb1 Kf8 27. a4 Ke8 28. a5 Rxb5 29. cxb5 Kd7 30. c4 Kc7 31. Ke3 e5 32. g4 hxg4 33. fxg4 Rh8 34. Rh1 f6 35. h5 g5 36. h6 Rh7 37. Rh2 Kb7 38. Kd3 Kc7 39. Kc3 Kb7 40. Kb3 Kb8 41. Ka4 Kb7 42. a6+ Kb6 43. Rh1 Kc7 44. Ka5 Kb8 45. b6 Ka8 46. b7+ Kb8 47. Kb5 Kc7 48. Rh2 f5 49. gxf5 g4 50. Rg2 Rxh6 51. Rxg4 Rh8 52. Rg7+ Kb8 53. f6 1-0

[Event "GRE-ch U14"]
[Site "Rio Achaia"]
[Date "2015.06.28"]
[Round "4.19"]
[White "Vasilopoulos, Eleftherios Foivos"]
[Black "Aggelopoulos, Konstantinos"]
[Result "0-1"]
[WhiteElo "1365"]
[BlackElo "1107"]
[PlyCount "116"]
[EventDate "2015.06.26"]
[EventType "swiss"]
[EventRounds "9"]
[EventCountry "GRE"]
[SourceTitle "EXT 2024"]
[Source "ChessBase"]
[SourceDate "2023.10.10"]
[SourceVersion "1"]
[SourceVersionDate "2023.10.10"]
[SourceQuality "1"]

1. e4 c5 2. Nf3 Nc6 3. d4 cxd4 4. Nxd4 Nf6 5. Nc3 d6 6. Be2 e6 7. 0-0 Be7 8. Bb5 Bd7 9. f4 a6 10. Bxc6 Bxc6 11. Nxc6 bxc6 12. Be3 Rb8 13. Rb1 Rb4 14. a3 Rb7 15. Qd3 Qa8 16. Bd4 c5 17. Bxf6 gxf6 18. f5 Qa7 19. Kh1 Rb6 20. b3 Qb7 21. Qh3 Kd7 22. Rbd1 d5 23. fxe6+ fxe6 24. Nxd5 Rd6 25. Nxf6+ Bxf6 26. Rxd6+ Kxd6 27. Rxf6 Qxe4 28. Qd3+ Qxd3 29. cxd3 Rb8 30. b4 cxb4 31. axb4 Rxb4 32. Kg1 Rb7 33. Rf4 a5 34. Ra4 Ra7 35. Kf2 Kc5 36. Ke3 Kb5 37. Re4 a4 38. Kd2 a3 39. Re1 Rc7 40. Rb1+ Ka4 41. Rb6 a2 42. Ra6+ Kb3 43. Rb6+ Ka3 44. Rxe6 a1Q 45. Ra6+ Kb2 46. Rb6+ Ka2 47. Ra6+ Kb1 48. Rxa1+ Kxa1 49. g3 Kb2 50. Ke3 Kc3 51. h4 Rd7 52. g4 Rxd3+ 53. Kf4 Rd5 54. g5 Rd4+ 55. Kg3 Kc4 56. h5 Kd5 57. g6 hxg6 58. hxg6 Ke6 0-1

[Event "GRE-ch U14"]
[Site "Rio Achaia"]
[Date "2015.06.27"]
[Round "2.19"]
[White "Lamprou, Konstantinos Georgi"]
[Black "Aggelopoulos, Konstantinos"]
[Result "1-0"]
[WhiteElo "1383"]
[BlackElo "1107"]
[PlyCount "49"]
[EventDate "2015.06.26"]
[EventType "swiss"]
[EventRounds "9"]
[EventCountry "GRE"]
[SourceTitle "EXT 2024"]
[Source "ChessBase"]
[SourceDate "2023.10.10"]
[SourceVersion "1"]
[SourceVersionDate "2023.10.10"]
[SourceQuality "1"]

1. d4 d5 2. Nf3 e6 3. Bf4 Nf6 4. e3 Be7 5. Bd3 0-0 6. 0-0 c5 7. c3 c4 8. Bc2 Nc6 9. Nbd2 Bd6 10. Ne5 Qc7 11. Ndf3 Nd7 12. Bxh7+ Kxh7 13. Ng5+ Kg8 14. Nxd7 Bxf4 15. exf4 Qxd7 16. Qh5 Re8 17. Qh7+ Kf8 18. f5 Nd8 19. Qh8+ Ke7 20. Qxg7 Kd6 21. Nh7 Qc7 22. Nf6 Re7 23. Qf8 Kc6 24. Ng8 Rd7 25. Qc5# 1-0